000 00465cam a2200193ua 4500
001 3191
005 20260515113639.0
008 111012n ii |||gr||||Z||||||asm
040 _cMAIN
082 _a891.4513
100 1 _aBorgohain, Homen,
245 1 1 _aAostaraag
_cby Homen Borgohain
250 _a1st.
260 _aKolkatta:
_bShree bhumi publishing company,986.
300 _a123p:
_c23cm.
653 _aAssamese novel
653 _aAostaraag
942 _cBK
999 _c3035
_d3035